[Event "US Open"]
[Site "Vancouver, WA"]
[Date "2012.08.05"]
[Round "2"]
[White "Sawyer, David (ID)"]
[Black "Langer, Michael (TX)"]
[Result "0-1"]
[WhiteElo "1944"]
[BlackElo "2264"]
[PlyCount "84"]

1.c4 Nf6 2.g3 c5 3.Bg2 d5 4.cxd5 Nxd5 5.Nc3 Nc7 6.Nf3 Nc6 7.O-O
e5 8.a3 Be7 9.b4 O-O 10.b5 Nd4 11.Nxe5 Bf6 12.Nd3 c4 13.Nc5 Ndxb5
14.Nxb7 Nxc3 15.dxc3 Qxd1 16.Rxd1 Bxc3 17.Rb1 Bf5 18.e4 Bg4 19.f3
Be6 20.Nc5 Ba5 21.Rd4 Bb6 22.Rxb6 axb6 23.Nxe6 Nxe6 24.Rxc4 Rac8
25.Rxc8 Rxc8 26.Be3 Nc5 27.Bf1 Ra8 28.Bc1 Nb3 29.Be3 Rxa3 30.Bxb6
Nd2 31.Be2 Nxf3+ 32.Bxf3 Rxf3 33.Kg2 Rb3 34.Bc7 Kf8 35.Bd6+ Ke8
36.Bc5 Rb2+ 37.Bf2 Rb3 38.Bd4 g6 39.Bf6 Kd7 40.Kh3 Ke6 41.e5
Kf5 42.Kh4 h5 0-1

[Event "US Open"]
[Site "Vancouver, WA"]
[Date "2012.08.05"]
[Round "2"]
[White "Seirawan, Yasser (WA)"]
[Black "Mennella, James (NJ)"]
[Result "1-0"]
[WhiteElo "2674"]
[BlackElo "2000"]
[PlyCount "65"]

1.d4 d5 2.c4 e6 3.Nc3 Nf6 4.Nf3 Be7 5.Bf4 O-O 6.e3 c6 7.Qc2 Nbd7
8.cxd5 exd5 9.Bd3 h6 10.h3 Re8 11.O-O Nf8 12.Bg3 Be6 13.Ne5 N6d7
( 13...c5 14.Bb5 N8d7 15.dxc5 Bxc5 16.Rfd1 Rc8 17.Qe2 a6 18.Bxd7
Nxd7 19.Qf3 Nb6 20.Nd3 Bf8 21.Be5 Nc4 22.Bd4 Qg5 23.Nf4 Nxb2
24.Rdb1 Ba3 25.Ncxd5 Bf5 26.Nh5 Bxb1 27.Rxb1 Red8 28.Ndf6+ Kh8
29.Ne4 {1-0, Gurevich Mikhail (TUR) 2633 - Lagowski Patryk (POL) 2393, Gibraltar (England) 2006.01.24}
) 14.Nf3 Nf6 15.Rad1 Bd6 16.Ne5 Qc7 17.f4 Rad8 18.a3 a5 19.Bf2
Qb8 20.g4 Bc8 21.Kg2 Bxe5 22.fxe5 N6h7 23.Bg3 Be6 24.Ne2 Qc8
25.Nf4 Bd7 26.Rf2 Ng5 27.Rdf1 f6 28.exf6 Rxe3 29.fxg7 Nfe6 30.Nh5
Nxg7 31.Nf6+ Kh8 32.Nxd7 N7e6 33.Be5+ 1-0

[Event "US Open"]
[Site "Vancouver, WA"]
[Date "2012.08.09"]
[Round "2"]
[White "Sloan, Sam (NY)"]
[Black "Simonson, Jay (ID)"]
[Result "1-0"]
[WhiteElo "1916"]
[BlackElo "644"]
[PlyCount "57"]

1.g4 e5 2.d3 d5 3.h3 Nc6 4.Bg2 Bc5 5.Nc3 Nf6 6.g5 d4 7.gxf6 Qxf6
8.Ne4 Qe7 9.Nf3 h6 10.a3 Bf5 11.Ng3 Qe6 12.b4 Bb6 13.Bb2 O-O-O
14.Qd2 Rhe8 15.a4 e4 16.dxe4 Bxe4 17.h4 Bxc2 18.Bh3 f5 19.Qxc2
d3 20.Qc3 dxe2 21.Bxf5 Rd1+ 22.Rxd1 exd1Q+ 23.Kxd1 Rd8+ 24.Kc1
Qxf5 25.Nxf5 Bxf2 26.Rd1 Rxd1+ 27.Kxd1 g6 28.Qh8+ Nd8 29.Bf6 1-0

[Event "US Open"]
[Site "Vancouver, WA"]
[Date "2012.08.05"]
[Round "2"]
[White "Terrie, Henry (NH)"]
[Black "Peake, Ethan (OR)"]
[Result "0-1"]
[WhiteElo "2204"]
[BlackElo "1907"]
[PlyCount "161"]

1.c4 Nf6 2.Nc3 g6 3.Nf3 Bg7 4.e4 d6 5.d4 O-O 6.Be2 e5 7.dxe5
dxe5 8.Qxd8 Rxd8 9.Bg5 Re8 10.Nd5 Nxd5 11.cxd5 c6 12.Bc4 cxd5
13.Bxd5 Nd7 14.Nd2 Nc5 15.Ke2 Be6 16.Bxe6 Nxe6 17.Be3 Nf4+ 18.Kf3
Nd3 19.b3 f5 20.Ke2 Nf4+ 21.Kf3 Nd3 22.Ke2 Red8 23.exf5 gxf5
24.Nc4 f4 25.Bc1 b5 26.Nd2 Rac8 27.Ne4 Rc2+ 28.Kf3 Nc5 29.Nxc5
Rxc5 30.Ba3 Rc3+ 31.Ke4 Rd2 32.Raf1 Rxa2 33.Bd6 Rxb3 34.Bc5 a5
35.Rd1 Rc2 36.Bb6 Kf7 37.Kf5 Rc6 38.Rd7+ Kg8 39.Bxa5 Rf6+ 40.Ke4
Ra3 41.Bd8 Ra4+ 42.Kf3 Rf7 43.Rxf7 Kxf7 44.Rb1 b4 45.Bb6 Bf8
46.Ke4 Ke6 47.f3 b3+ 48.Kd3 Rb4 49.Bf2 Kd5 50.Kc3 Bc5 51.Bxc5
Kxc5 52.Kb2 Kd4 53.Re1 Rb6 54.Re4+ Kd5 55.Re2 Rb4 56.Re1 e4 57.fxe4+
Rxe4 58.Rf1 Kc4 59.Rf2 h5 60.g3 f3 61.Rxf3 Re2+ 62.Kb1 Rxh2 63.Rf4+
Kc3 64.Rf3+ Kb4 65.Rf8 Kc3 66.Rc8+ Kd4 67.Rb8 b2 68.Re8 Rg2 69.Rh8
Rh2 70.Re8 Rh3 71.Kxb2 Rxg3 72.Rh8 Rg5 73.Kc2 Ke3 74.Rh7 Kf3
75.Kd2 Re5 76.Kd3 Kg4 77.Kd4 Re6 78.Kd3 h4 79.Rg7+ Kh3 80.Kd2
Kh2 81.Rg4 0-1

[Event "US Open"]
[Site "Vancouver, WA"]
[Date "2012.08.05"]
[Round "2"]
[White "Tucker, Jimmy (WA)"]
[Black "Varner, Murlin (WA)"]
[Result "0-1"]
[WhiteElo "1105"]
[BlackElo "1663"]
[PlyCount "86"]

1.e4 e6 2.Nf3 d5 3.exd5 exd5 4.d4 Nf6 5.Nc3 Bb4 6.Bd2 O-O 7.Bd3
Re8+ 8.Ne2 Bxd2+ 9.Qxd2 Bg4 10.O-O-O {%08DA} Nc6 11.h3 Ne4 12.Bxe4
dxe4 13.hxg4 exf3 14.gxf3 Qd5 15.Nc3 Qxf3 16.Rhg1 Rad8 17.Rg3
Qf6 18.Nb5 Re7 ( 18...a6 19.Nc3 ( 19.Nxc7 {?} Re7 20.Nxa6 bxa6 )
Rxd4 20.Re3 Red8 ) 19.Re3 a6 20.Rxe7 Qxe7 21.Re1 Qd7 22.Nxc7
{?!} ( 22.Nc3 Nxd4 23.Qf4 b5 ) Qxc7 23.Qe3 Kf8 24.Qe4 g6 25.d5
Ne7 26.Qe5 Qxe5 27.Rxe5 Rxd5 28.Re3 f5 29.gxf5 Nxf5 30.Rh3 Kg7
31.c4 Re5 32.b4 Re2 33.c5 Rxa2 34.Rd3 Re2 35.Kd1 Re4 36.Kd2 {?}
( 36.Rd7+ Re7 ) Rd4 37.Rxd4 Nxd4 38.Kd3 Nc6 39.Kc4 Kf6 40.b5
axb5+ 41.Kxb5 Ke6 42.Kb6 Kd5 43.Kxb7 h5 0-1

[Event "US Open"]
[Site "Vancouver, WA"]
[Date "2012.08.05"]
[Round "2"]
[White "Tucker, Joseph (WA)"]
[Black "Davis, Joe (WA)"]
[Result "0-1"]
[WhiteElo "808"]
[BlackElo "1648"]
[PlyCount "96"]

{Round 2 of the 2012 US Open. This round I was paired with the always scary sub
1000 rated player. It felt like it took a long time for my opponent to show some type of flaw.} 1.d4
d5 2.Nc3 Nf6 3.Nf3 {
Already looking back on my database, I don't think I've ever seen this move
before. So already my opening study will not help me so much.}
c5 ( 3...g6 4.Bf4 Bg7 5.e3 O-O 6.Be2 c5 7.Ne5 Qb6 8.O-O cxd4
9.exd4 Nc6 10.Nxc6 Qxc6 11.Re1 a6 12.a4 Bf5 13.a5 Rad8 14.Bf1
Rfe8 15.h3 Ne4 16.Nxe4 dxe4 17.c3 ) 4.h3 {?  not nescesary} Nc6
5.Bf4 Bf5 ( 5...cxd4 6.Nxd4 Qb6 7.Nxc6 bxc6 8.Qd2 Bf5 9.Na4 Qb7
10.e3 Ne4 11.Qd1 f6 12.f3 Nd6 13.Bxd6 exd6 14.Bd3 Bd7 15.O-O
Be7 16.Qe1 O-O 17.Qh4 g6 18.b3 Rae8 19.Nc3 f5 20.Qd4 {[%eval -25,19]} )
6.e3 e6 ( 6...Qb6 {but it doesn't seem to work} 7.Na4 Qa5+ 8.c3 )
7.Bb5 ( 7.Nb5 {but now I see} Rc8 ) a6 8.Bxc6+ bxc6 9.O-O Bd6
( 9...Be7 {but I was worried I was starting to give up too many squares}
) 10.Ne5 Qc7 11.Ne2 {?  this move seemed too slow but not terrible}
O-O 12.Ng3 Bg6 {?  This was kind of a waist of time since he still can trade a knight for a bishop}
( 12...cxd4 13.exd4 Ne4 14.Nxf5 exf5 15.f3 f6 16.fxe4 fxe5 17.dxe5
Bc5+ 18.Kh2 fxe4 19.Qg4 Qe7 20.Rad1 Rab8 21.b3 g6 22.c3 Rf5 23.b4
Ba7 24.Qe2 Rbf8 25.Bg3 Rxf1 26.Rxf1 Rxf1 27.Qxf1 {[%eval -46,19]} )
13.b3 Nd7 {trying just to gain some space} 14.Nxg6 hxg6 15.Bxd6
Qxd6 16.c4 {a brave move from a 808 player. When I was low rated I would have been scared of all the possible captures.}
cxd4 17.Qxd4 e5 18.Qd3 {?  I felt this was his first kind of bad move.}
Nc5 19.Qd2 Rfd8 20.b4 {
this was a critical moment. I didn't want to play Ne6 because it seemed
passive. I finally settled on Ne4 because I though I could control the open file. I'm not sure that is true now.}
Ne4 21.Nxe4 dxe4 22.Qxd6 Rxd6 23.Rfd1 Rad8 24.Rxd6 Rxd6 25.c5
Rd2 26.Kf1 {!  maybe I won't control the d file.} Kf8 27.Ke1
Rb2 28.a3 Rb3 29.Kd1 Rb2 30.Ke1 Rb3 31.Ra2 Ke7 32.Kd2 Ke6 33.Kc2
Rd3 {Computer sees this as dead drawn.} 34.Rb2 {?  The break I needed. It was probably best just to take the pawn but I was so excited to get my king to c4 I couldn't resist.}
Kd5 35.Rb3 Kc4 36.Rxd3 {?} exd3+ {I think this endgame is just lost for white.}
37.Kd2 e4 38.f3 f5 39.a4 Kxb4 40.g4 Kxc5 41.a5 Kc4 42.fxe4 fxe4
43.Ke1 Kb4 44.Kf2 Kxa5 45.Kg3 d2 46.Kf4 d1Q 47.Kg5 Qd6 48.h4
Qf6# {I guess the lesson from this game is being patient. Play solid chess and let
your opponent make mistakes, don't press and play within yourself.} 0-1

[Event "US Open"]
[Site "Vancouver, WA"]
[Date "2012.08.05"]
[Round "2"]
[White "Waterman, Jeremy (OR)"]
[Black "Guadalupe, Francisco (TX)"]
[Result "0-1"]
[WhiteElo "1953"]
[BlackElo "2305"]
[PlyCount "76"]

1.e4 e5 2.d4 exd4 3.Qxd4 Nc6 4.Qe3 Bb4+ 5.Bd2 Bxd2+ 6.Nxd2 d6
7.Bc4 Nf6 8.Ne2 O-O 9.Qc3 Re8 10.f3 d5 11.Bd3 dxe4 12.Nxe4 Nd5
13.Qd2 Ndb4 14.a3 Nxd3+ 15.Qxd3 Qxd3 16.cxd3 Bf5 17.Kf2 Rad8
18.Rhd1 Ne5 19.d4 Ng4+ 20.fxg4 Bxe4 21.Ng1 Rd7 22.Nf3 Red8 23.Rac1
f6 24.Rc4 Bd5 25.Rc3 c6 26.Rcd3 h6 27.b4 Kf7 28.h4 Be4 29.R3d2
b6 30.g5 Bxf3 31.Kxf3 hxg5 32.hxg5 fxg5 33.Kg4 Kg6 34.Kg3 Rd5
35.Re2 Rxd4 36.Rde1 Rd3+ 37.Kg4 R8d4+ 38.Re4 c5 0-1

[Event "US Open"]
[Site "Vancouver, WA"]
[Date "2012.08.05"]
[Round "2"]
[White "Whitmer, Charles (WA)"]
[Black "Molchanov, Valentin (OR)"]
[Result "1/2-1/2"]
[WhiteElo "1720"]
[BlackElo "1315"]
[PlyCount "73"]

1.e4 e6 2.d4 d5 3.Nc3 Bb4 4.e5 c5 5.a3 cxd4 6.Qxd4 Bxc3+ 7.Qxc3
Ne7 8.Nf3 Ng6 {%08DA} 9.h4 h6 10.Bd3 Ne7 11.Be3 Nbc6 12.Bc5 Bd7
13.O-O-O b6 14.Bd6 Nc8 15.g4 Nxd6 16.exd6 Qf6 17.Qxf6 gxf6 18.g5
hxg5 19.hxg5 O-O-O 20.gxf6 Rdg8 21.Rxh8 Rxh8 22.Rg1 Be8 23.Bb5
Kd7 24.Rg7 Rf8 25.Ne5+ Kxd6 26.Bxc6 Kxe5 27.Bxe8 Kxf6 28.Rxf7+
Rxf7 29.Bxf7 Kxf7 30.f4 Kf6 31.Kd2 d4 ( 31...Kf5 ) 32.Ke2 Kf5
33.Kf3 e5 34.fxe5 Kxe5 35.Ke2 Ke4 36.Kd2 a5 37.Ke2 1/2-1/2

[Event "US Open"]
[Site "Vancouver, WA"]
[Date "2012.08.05"]
[Round "2"]
[White "Yoshinaga, David (OR)"]
[Black "Bradburn, Greg (WA)"]
[Result "1-0"]
[WhiteElo "1700"]
[BlackElo "1112"]
[PlyCount "49"]

1.e4 e5 2.f4 d6 3.Nf3 Nc6 4.Bc4 Be6 5.Bxe6 fxe6 6.O-O Qf6 {%08DA}
7.fxe5 Nxe5 8.d4 Nxf3+ 9.Rxf3 Qe7 10.Nc3 O-O-O 11.Qf1 Nf6 12.e5
dxe5 13.dxe5 Nd7 14.Bf4 h6 15.Kh1 g5 16.Bg3 Bg7 17.Rf7 Qe8 18.Rxg7
Rf8 19.Qc4 Rf7 20.Rxf7 Qxf7 21.Nb5 c6 22.Nd6+ Kc7 23.Nxf7 Re8
24.Qd4 Re7 25.Qd6+ 1-0

[Event "US Open"]
[Site "Vancouver, WA"]
[Date "2012.08.08"]
[Round "2"]
[White "Zurybida, Paul (WA)"]
[Black "Thompson, Ian (ENG)"]
[Result "1/2-1/2"]
[WhiteElo "2001"]
[BlackElo "2353"]
[PlyCount "104"]

1.e4 e6 2.d4 d5 3.Nc3 Nf6 4.Bg5 dxe4 5.Nxe4 Be7 6.Bxf6 Bxf6 7.Nxf6+
Qxf6 8.Nf3 Nd7 9.Qd2 O-O 10.O-O-O e5 11.Nxe5 Nxe5 12.dxe5 Qxe5
13.Bc4 Bf5 14.f4 Qf6 15.Qf2 a6 16.Rhe1 Rfe8 17.h3 h5 18.Bd5 c6
19.Bf3 h4 20.Bg4 Be4 21.Rd7 b5 22.Red1 Bd5 23.Kb1 a5 24.g3 hxg3
25.Qxg3 a4 26.a3 Re4 27.f5 Rae8 28.Rb7 Re3 29.Qf4 Re1 30.Rb8
Rxd1+ 31.Bxd1 Rxb8 32.Qxb8+ Kh7 33.Qf4 Qh6 34.Qg3 f6 35.Bf3 Qg5
36.Qxg5 fxg5 37.Bh5 Kg8 38.Kc1 Be4 39.Bg4 Kf7 40.Kd2 Kf6 41.c3
Bxf5 42.Ke3 Bxg4 43.hxg4 Ke5 44.Kf3 Kd5 45.Ke3 Kc4 46.Kd2 c5
47.Kc2 b4 48.cxb4 cxb4 49.axb4 Kxb4 50.Kb1 Kb3 51.Ka1 Kc2 52.b4
axb3 1/2-1/2

[Event "US Open"]
[Site "Vancouver, WA"]
[Date "2012.08.06"]
[Round "3"]
[White "Addis, Edward (OR)"]
[Black "Terrie, Henry (NH)"]
[Result "1-0"]
[WhiteElo "1856"]
[BlackElo "2204"]
[PlyCount "103"]

1.e4 c5 2.Nf3 e6 3.d4 cxd4 4.Nxd4 Nc6 5.Be3 Qc7 6.Be2 Nf6 7.Nd2
a6 8.O-O d5 9.Nxc6 bxc6 10.exd5 cxd5 11.c4 Bd6 12.Kh1
( 12.g3 O-O 13.Rc1 Qe7 14.Nb3 dxc4 15.Bxc4 e5 16.Re1 Rd8 17.Qc2
Bb7 18.Nc5 Bf3 19.Be2 Bxe2 20.Qxe2 a5 21.Red1 Rdc8 22.Na4 Rxc1
23.Rxc1 Qb7 24.Nb6 Rb8 25.Qd3 Bc7 26.Nc4 Rd8 27.Qc3 Nd5 28.Qe1
Nb4 29.Rd1 Nd3 30.Qc3 e4 31.Nxa5 Bxa5 32.Qxa5 Ra8 33.Qb6 Qd5
34.a3 h5 35.Qd4 Qf5 36.Rf1 Ne5 37.Qc5 Re8 38.Rd1 Qh3 39.f4 exf3
40.Qc2 Ng4 41.Bb6 f2+ {0-1, Stefanidi Maria-Anna (GRE) 2169 - Botsari Anna-Maria (GRE) 2315, Athens (Greece) 2001}
) O-O 13.c5 Bf4 14.b4 Bxe3 15.fxe3 e5 16.Qc2 Be6 17.a4 Rfc8 18.Rac1
Qb8 19.b5 axb5 20.axb5 Ra3 21.e4 d4 22.Rf3 Ra2 23.Qd3 Nd7 24.c6
Nb6 25.Nb3 Rxe2 26.Qxe2 Bg4 27.Nc5 Qd6 28.h3 Bxf3 29.Qxf3 Ra8
30.Qb3 g6 31.Rf1 Rf8 32.Nd3 Kg7 33.Ra1 f5 34.Ra7+ Kh6 35.Nf2
Qf6 36.Qg3 Nc4 37.Rd7 Ne3 38.Kg1 fxe4 39.Ng4+ Nxg4 40.hxg4 Qf1+
41.Kh2 Rf7 42.Rxf7 Qxf7 43.Qxe5 Qf2 44.Qxe4 Qh4+ 45.Kg1 Qd8 46.Qf4+
Kg7 47.c7 Qd7 48.b6 d3 49.b7 d2 50.c8Q d1Q+ 51.Kh2 Qe7 52.Qcc7 1-0

[Event "US Open"]
[Site "Vancouver, WA"]
[Date "2012.08.06"]
[Round "3"]
[White "Arganian, David (WA)"]
[Black "Patterson, Roger (CAN)"]
[Result "1/2-1/2"]
[WhiteElo "2002"]
[BlackElo "2165"]
[PlyCount "42"]

1.e4 e5 2.Nf3 Nc6 3.Bb5 a6 4.Bxc6 dxc6 5.O-O Qd6 6.Na3 Be6 7.Qe2
Be7 { %08DA} 8.Nc4 Bxc4 9.Qxc4 c5 10.d3 Nf6 11.a4 b6 12.Nh4 Qe6
13.Qxe6 fxe6 14.Nf3 Nd7 15.Be3 a5 16.Nd2 O-O-O 17.Nc4 Bf6 18.Rfc1
Nb8 19.Kf1 Nc6 20.Ke2 Kb7 21.f3 Rd7 1/2-1/2

[Event "US Open"]
[Site "Vancouver, WA"]
[Date "2012.08.08"]
[Round "3"]
[White "Bennett, James (CA)"]
[Black "Yang, Richard (WA)"]
[Result "1/2-1/2"]
[WhiteElo "1804"]
[BlackElo "1286"]
[PlyCount "99"]

1.e4 e5 2.Nf3 Nc6 3.Bb5 Nf6 4.d3 d6 5.O-O Bg4 6.Be3 Be7 7.Nbd2
O-O 8.h3 Bh5 9.c3 a6 10.Ba4 b5 11.Bc2 Re8 {%08DA} 12.Re1 h6 13.Nf1
d5 14.Ng3 Bg6 15.exd5 Nxd5 16.Bc1 Bf6 17.a4 Qd6 18.Ne4 Bxe4 19.Rxe4
Nf4 20.Bxf4 exf4 21.Qe2 Red8 22.d4 b4 23.Qd2 bxc3 24.bxc3 g5
25.Qd3 Ne7 26.Rxe7 Qxe7 27.Qh7+ Kf8 28.Re1 Qd6 29.Qxh6+ Bg7 30.Qxg5
Qf6 31.Qg4 Re8 32.Ne5 Rad8 33.Re4 Qd6 34.Qxf4 Bxe5 35.Rxe5 Rxe5
36.dxe5 Qd2 37.Qf5 Qxc3 38.h4 Re8 39.g3 Qxe5 40.Qf3 Qe2 41.Qf5
Qe1+ 42.Kg2 Re2 43.Bb3 Re7 44.Bd5 Qe5 45.Qf3 Qd4 46.a5 Qc5 47.Qh5
Rd7 48.Qh8+ Ke7 49.Qe5+ Kf8 50.Qh8+ 1/2-1/2

[Event "US Open"]
[Site "Vancouver, WA"]
[Date "2012.08.08"]
[Round "3"]
[White "Bercys, Salvijus (NY)"]
[Black "Cooklev, Steven (IN)"]
[Result "1/2-1/2"]
[WhiteElo "2479"]
[BlackElo "2124"]
[PlyCount "29"]

1.d4 d5 2.c4 e6 3.Nf3 c5 4.cxd5 exd5 5.Nc3 Nc6 6.g3 Nf6 7.Bg2
Be7 8.O-O O-O 9.Bg5 c4 10.Ne5 Be6 11.Nxc6 bxc6 12.b3 Qa5 13.Na4
Rab8 14.e3 Bf5 15.Qf3 1/2-1/2

[Event "US Open"]
[Site "Vancouver, WA"]
[Date "2012.08.06"]
[Round "3"]
[White "Bishop, Alan (WA)"]
[Black "Levin, Scott (OR)"]
[Result "1-0"]
[WhiteElo "2000"]
[BlackElo "1821"]
[PlyCount "49"]

1.e4 c5 2.Nf3 a6 3.d4 cxd4 4.Nxd4 Nf6 5.Nc3 e5 6.Nf3 Bb4 7.Bc4
Qc7 8.Qd3 d5 9.Bxd5 ( 9.Bxd5 Nxd5 10.exd5 O-O 11.Bd2 f5 12.Ng5
h6 13.d6 Qc6 14.Nf3 Bxd6 15.Qd5+ Qxd5 16.Nxd5 Be6 17.Nb6 Ra7
18.O-O Nc6 19.Bc3 Bc7 20.Na4 Bc4 21.Rfe1 b5 22.Nc5 Bb6 23.Nb3
e4 24.Ne5 Nxe5 25.Bxe5 Rd7 26.Rad1 Rfd8 27.Rxd7 Rxd7 28.Bf4 g5
29.Bc1 f4 30.Nd2 e3 31.fxe3 Bxe3+ 32.Kh1 Bxd2 33.Rd1 Bxc1 34.Rxd7
Bxb2 35.Rd6 Be2 36.Rxh6 Bd4 37.h4 g4 38.Rd6 f3 39.Rxd4 f2 40.Rf4
Bf3 {0-1, Winter Irene (GER) 2011 - Nowarra Waltrond (GER), Colditz (Germany) 1967}
) Nxd5 10.exd5 O-O 11.Bd2 Nd7 12.Ng5 Nf6 13.O-O-O Bg4 14.Nce4
Nxe4 15.Qxe4 Bxd2+ 16.Rxd2 f5 17.Qd3 Qd6 18.Re1 Bh5 19.Ne6 Rfe8
20.Qg3 Re7 21.Qxe5 Qb4 22.d6 Rd7 23.Nc5 Re8 24.Qd5+ Kf8 25.Nxd7# 1-0

[Event "US Open"]
[Site "Vancouver, WA"]
[Date "2012.08.06"]
[Round "3"]
[White "Bradburn, Greg (WA)"]
[Black "Miller, Russell (WA)"]
[Result "1-0"]
[WhiteElo "1112"]
[BlackElo "1500"]
[PlyCount "55"]

1.e4 c5 2.Nf3 Nc6 3.c3 a6 4.d4 cxd4 5.cxd4 d6 6.Be3 {%08DA} Bg4
7.Be2 Nf6 8.Nc3 g6 9.O-O Bg7 10.h3 Bd7 11.e5 {%08DA} dxe5 12.dxe5
Ng8 13.Qb3 Qc8 14.Rad1 b5 15.Bd4 Be6 16.Nd5 Nh6 17.Bc3 O-O 18.Qa3
Ra7 19.Ng5 Bxd5 20.Rxd5 Rd8 21.Rfd1 Rxd5 22.Rxd5 Bf8 23.Qc5 e6
24.Rd6 Bxd6 25.exd6 Qd7 26.Bf3 Nf5 27.Bxc6 Qxd6 28.Qxa7 1-0

[Event "US Open"]
[Site "Vancouver, WA"]
[Date "2012.08.06"]
[Round "3"]
[White "Burney, James (WA)"]
[Black "Jabczynski, Bob (OR)"]
[Result "1-0"]
[WhiteElo "1452"]
[BlackElo "1011"]
[PlyCount "93"]

1.b4 d5 2.Bb2 e5 3.Bxe5 Nf6 {%08DA} 4.b5 Bd6 5.Bb2 O-O 6.e3 b6
7.Nf3 Nbd7 8.Be2 Bb7 9.Nd4 Nb8 10.Nc3 c6 11.f4 cxb5 12.Ncxb5
Bc5 13.O-O Nc6 14.Bf3 a6 15.Nxc6 Bxc6 16.Nd4 Bd7 17.c4 dxc4 18.Bxa8
Qxa8 19.Nf3 Bc6 20.Qe2 b5 21.Rf2 Re8 22.Ne5 Bd5 23.Raf1 Rd8 24.Ng4
Rd6 25.Nxf6+ gxf6 26.Qg4+ Kf8 27.Qf5 Ke7 28.Re2 Qc6 29.Kh1 Be4
30.Qg4 Qd5 31.f5 Qa8 ( 31...Bd3 ) 32.Bd4 Bxd4 33.exd4 Rxd4 34.Rf4
Kf8 35.Rfxe4 Rxe4 36.Rxe4 Qd5 37.Rd4 Qe5 38.Qe4 Kg7 39.Qg4+ Kf8
40.Qe4 Qxe4 41.Rxe4 a5 42.a4 b4 43.Rxc4 Ke7 44.d4 Kd6 45.Rc5
b3 46.Rb5 h5 47.Rxa5 1-0

[Event "US Open"]
[Site "Vancouver, WA"]
[Date "2012.08.08"]
[Round "3"]
[White "Caluza, Severo (CAN)"]
[Black "Liou, Brian (WA)"]
[Result "1-0"]
[WhiteElo "1847"]
[BlackElo "1520"]
[PlyCount "49"]

1.e4 e6 2.Nf3 d5 3.Nc3 d4 4.Ne2 c5 5.Ng3 Nf6 6.Bb5+ Bd7 7.Bxd7+
( 7.Bxd7+ Qxd7 8.d3 Nc6 9.O-O Be7 10.Nd2 h5 11.a4 Qc7 12.Nc4
h4 13.Nh1 O-O-O 14.f4 Nd7 15.a5 Rdg8 16.f5 e5 17.Nf2 Nf6 18.Nh3
Nd7 19.Bd2 f6 20.Qg4 Kb8 21.Rf2 g6 22.fxg6 Rg7 23.Raf1 Rhg8 24.Qxh4
Rxg6 25.Qh5 Ka8 26.Kh1 Nd8 27.Ng1 Ne6 28.Ne2 Qd8 29.Qf5 Ng5 30.Ra1
Kb8 31.g3 R6g7 32.Kg2 Rh8 33.Nf4 exf4 34.Bxf4+ Ne5 35.Nxe5 Bd6
36.Nc4 Bxf4 37.Qxf4+ Kc8 38.Nd6+ Kd7 39.Nxb7 Qc8 40.Qf5+ {1-0, Rodrigues Emmanuel (FRA) 2118 - Vidalinc Jean-Louis  (FRA) 1973, Lyons (France) 2005.04.19}
) Qxd7 8.d3 Nc6 9.Qe2 Be7 10.O-O O-O 11.Ng5 Rac8 12.f4 b5 13.b3
Rfd8 14.e5 Ne8 15.f5 Qd5 16.fxe6 fxe6 17.Nf7 Rd7 18.Nh5 {%02
 (Note how the Black king appears walled off from his major pieces. Note also
how the Black Queen has no safe squares available.)} Bf8 {?}
( 18...Rb7 ) 19.Nf4 Rxf7 20.Nxd5 Rxf1+ 21.Qxf1 exd5 22.Qf5 Ne7
23.Qe6+ Kh8 24.Bg5 Nc7 25.Qd7 1-0

[Event "US Open"]
[Site "Vancouver, WA"]
[Date "2012.08.06"]
[Round "3"]
[White "Carson, Phil (OR)"]
[Black "Whitmer, Charles (WA)"]
[Result "1/2-1/2"]
[WhiteElo "1555"]
[BlackElo "1758"]
[PlyCount "105"]

1.e4 c5 2.c3 d6 3.d3 Nc6 4.g3 Nf6 5.Bg2 e5 6.Nh3 {%08DA} Bg4
7.f3 Be6 8.O-O Be7 9.f4 h6 10.f5 Bd7 11.Nd2 Qc7 12.a3 O-O-O 13.b4
g5 14.b5 Na5 15.c4 Kb8 16.a4 b6 17.Nb3 Nxb3 18.Qxb3 g4 19.Nf2
Rdg8 20.Bd2 Qb7 21.a5 Kc7 22.axb6+ axb6 23.Ra6 Ra8 24.Rfa1 h5
25.R1a4 Rxa6 26.Rxa6 Ra8 27.Ra3 Kb8 28.Nd1 Rxa3 29.Qxa3 Bc8 30.Nc3
Qa7 31.Qxa7+ Kxa7 32.h4 Bb7 33.Kf2 Ng8 34.Be3 Bf8 35.Bg5 f6 36.Be3
Bh6 37.Nd1 Kb8 38.Bxh6 Nxh6 39.Ne3 Kc7 40.Nd1 Kd7 41.Nc3 Ng8
42.Na4 Kc7 43.Nc3 Ne7 44.Kf1 Bc8 45.Kf2 Bd7 46.Bh1 Be8 47.Bg2
Bf7 48.Bh1 Ng8 49.Bg2 Nh6 50.Bh1 Bg8 51.Bg2 Kd7 52.Na4 Kc7 53.Ke2 1/2-1/2

[Event "US Open"]
[Site "Vancouver, WA"]
[Date "2012.08.09"]
[Round "3"]
[White "Chi, Quentin (WA)"]
[Black "Trattner, Andrew (OR)"]
[Result "0-1"]
[WhiteElo "1818"]
[BlackElo "1473"]
[PlyCount "40"]

1.e4 d5 2.exd5 Qxd5 3.d4 Nf6 4.c4 Qd6 5.Nc3 Bf5 6.h3 {%08DA}
Nc6 7.Nf3 Nb4 8.Nb5 Qd7 9.Ne5 Qd8 10.Bd3 {?} Nxd3+ 11.Nxd3 c6
12.Na3 Qxd4 13.Nf4 Qxd1+ 14.Kxd1 O-O-O+ 15.Ke1 e5 16.Ne2 Bb4+
17.Nc3 Rd3 18.Nab1 Rhd8 19.Bd2 Bxc3 20.bxc3 Ne4 0-1

[Event "US Open"]
[Site "Vancouver, WA"]
[Date "2012.08.09"]
[Round "3"]
[White "Colasurdo, James (WA)"]
[Black "Carter, Stephen (TX)"]
[Result "1-0"]
[WhiteElo "1903"]
[BlackElo "1568"]
[PlyCount "81"]

1.d4 Nf6 2.c4 c5 3.d5 e6 4.Nc3 exd5 5.cxd5 d6 6.e4 g6 7.f4 Bg7
8.Bb5+ Bd7 9.Bxd7+ Nbxd7 10.Qe2 {%08DA} O-O 11.Nf3 Re8 12.O-O
a6 13.a4 Qc7 14.a5 Re7 15.Nd2 Rae8 16.Re1 Nxe4 17.Ncxe4 f5 18.Qf3
fxe4 19.Rxe4 Nf6 20.Rxe7 Qxe7 21.Nf1 Qe1 22.f5 Ng4 23.Ra4 Bd4+
( 23...Qxc1 $19 ) 24.Rxd4 cxd4 25.fxg6 hxg6 26.Qxg4 Qxc1 27.Qxg6+
Kf8 28.Qxd6+ Kf7 29.Qd7+ Re7 30.Qf5+ Kg7 31.Qg4+ Kf7 32.d6 Re1
33.Qf5+ Kg7 ( 33...Ke8 ) 34.d7 Qe3+ 35.Qf2 Rxf1+ 36.Kxf1 Qc1+
37.Qe1 Qf4+ 38.Kg1 Qf6 39.Qe2 Qc6 40.Qe5+ Kf7 41.d8N+ 1-0

[Event "US Open"]
[Site "Vancouver, WA"]
[Date "2012.08.08"]
[Round "3"]
[White "Cotten, Donald (CA)"]
[Black "Dhingra, Sangeeta (WA)"]
[Result "1-0"]
[WhiteElo "2015"]
[BlackElo "1671"]
[PlyCount "33"]

1.e4 c5 2.c3 d6 3.d4 cxd4 4.cxd4 Nf6 5.Nc3 g6 6.Nf3 Bg7 7.Bc4
O-O 8.O-O a6 9.a4 Nc6 10.d5 {%08DA} Ne5 11.Nxe5 dxe5 12.Qb3 Qc7
13.Be3 Bd7 14.f3 Rac8 15.Be2 Nh5 16.g3 f5 {??} 17.d6+ 1-0

[Event "US Open"]
[Site "Vancouver, WA"]
[Date "2012.08.06"]
[Round "3"]
[White "Daroza, Eduardo (OR)"]
[Black "Kenney, Jason (CAN)"]
[Result "1/2-1/2"]
[WhiteElo "2049"]
[BlackElo "2289"]
[PlyCount "88"]

1.Nf3 Nf6 2.c4 c5 3.Nc3 e6 4.g3 b6 5.Bg2 Bb7 6.O-O Be7 7.d4 cxd4
8.Qxd4 d6 9.Rd1 a6 10.b3 Nbd7 11.Bb2 O-O 12.h3 Qc7 13.Rac1 Rfd8
14.g4 Rac8 ( 14...Rac8 15.g5 Nh5 16.Qg4 g6 17.h4 Qb8 18.Ne4 Nc5
19.Nf6+ Bxf6 20.Bxf6 Nxf6 21.gxf6 Ne4 22.Qf4 e5 23.Qe3 Nxf6 24.Qxb6
Nh5 25.Ng5 Bxg2 26.Qxb8 Rxb8 27.Kxg2 d5 28.cxd5 Nf4+ 29.Kf3 Nxd5
30.Rc5 Ne7 31.Rxd8+ Rxd8 32.Ra5 Nf5 33.Rxa6 Nxh4+ 34.Ke4 Rd2
35.Ke3 Rc2 36.Ra8+ Kg7 37.Ra7 Ng2+ 38.Kf3 Ne1+ 39.Kg3 Rxe2 40.Rxf7+
Kg8 41.Re7 Nd3 42.Nxh7 Rxf2 43.Rd7 Rf1 44.Rxd3 Kxh7 45.b4 Ra1
46.Ra3 Rg1+ 47.Kf2 Rh1 48.Ra7+ Kh6 49.a4 Rb1 50.Rb7 Ra1 51.a5
g5 52.Kf3 Ra3+ 53.Kg4 e4 54.Rb6+ Kg7 55.a6 e3 56.Kg3 e2+ 57.Kf2
Ra2 58.b5 g4 59.Re6 g3+ 60.Kxg3 Ra5 61.a7 Rxa7 62.Rxe2 Ra3+ 63.Kf4
Rb3 64.Re7+ Kf6 65.Rb7 Ke6 66.Ke4 Rb4+ 67.Kd3 Kd5 68.Kc3 Rb1
69.Rb8 Kc5 70.Rh8 Rxb5 71.Rh5+ Kc6 72.Rxb5 Kxb5 {1/2-1/2, Kempinski Robert (POL) 2510 - Lauber Arnd (GER) 2380, Medellin (Colombia) 1996}
) 15.g5 Ne8 16.Qg4 Bxf3 17.exf3 Ne5 18.Qg3 g6 19.f4 Nd7 20.Ne4
Bf8 21.h4 Bg7 22.Bxg7 Kxg7 23.h5 d5 24.Nd2 dxc4 25.hxg6 hxg6
26.Rxc4 Qb8 27.Rxc8 Qxc8 28.Ne4 Kf8 29.Qd3 Ke7 30.Nd6 Qc7 31.Nxe8
Kxe8 32.Qxa6 Qxf4 33.Qb5 Ke7 34.b4 e5 35.Bh3 Qxg5+ 36.Kf1 f5
37.Qd5 Qh4 38.Bg2 Qxb4 39.Bf3 Qc5 40.Qb7 Qc8 41.Qd5 Qc5 42.Qb7
g5 43.Bc6 Qc4+ 44.Ke1 Qc3+ 1/2-1/2